MEÇHUL BİR KADININ MEKTUBU (Kayıt no. 921298)

MARC ayrıntıları
000 -LEADER
sabit uzunluktaki kontrol alanı 00249nam a2200097Ia 4500
001 - KONTROL NUMARASI
kontrol alanı 921298
005 - EN SON İŞLEMİN TARİH VE ZAMANI
kontrol alanı 20250826191423.0
008 - SABİT-UZUNLUKTA VERİ ÖĞELERİ--GENEL BİLGİ
sabit uzunluktaki kontrol alanı 250824s9999 xx 000 0 und d
245 #0 - ESER / YAZAR
ESER ADI MEÇHUL BİR KADININ MEKTUBU
Yazar Adı STEFAN ZWEIG
260 ## - YAYIN, DAĞITIM, VB.
YAYIN EVİ PALET YAYINLARI
Mevcut
Düşüm durumu Kayıp durumu Hasar Durumu Ödünç verilmez Ana kütüphane Geçerli Kütüphane Edinilen tarih Toplam ödünç verme sayısı Barkod Son görüntüleme tarihi Son ödünç verme tarihi Fiyatın geçerli olmaya başladığı tarih Koha materyal türü
        ERBİL KORU ANADOLU LİSESİ ERBİL KORU ANADOLU LİSESİ 24.08.2025 1 1046626 01.12.2025 21.11.2025 26.08.2025 Kitaplar
Gemini Bilgi Teknolojileri A.Ş. tarafından düzenlenmiştir.